[Event "8. Wunsiedel Schach-Festival Meisterturn"]
[Site "Wunsiedel"]
[Date "2014.06.01"]
[Round "7.14"]
[White "Grill, Bernd"]
[Black "Strutinskaya, Galina"]
[Result "1/2-1/2"]
[WhiteElo "2205"]
[BlackElo "2296"]
[PlyCount "26"]
[EventDate "2014.05.29"]

1. c4 e5 2. g3 Nc6 3. Nc3 g6 4. Bg2 Bg7 5. e4 d6 6. Nge2 f5 7. d3 Nf6 8. O-O
O-O 9. Nd5 Ne7 10. f4 c6 11. Nxf6+ Bxf6 12. Kh1 Rf7 13. Qc2 Bd7 1/2-1/2

[Event "8. Wunsiedel Schach-Festival Meisterturn"]
[Site "Wunsiedel"]
[Date "2014.06.01"]
[Round "7.15"]
[White "Grimm, Julius"]
[Black "Schubert, Christian"]
[Result "0-1"]
[WhiteElo "1939"]
[BlackElo "2287"]
[PlyCount "42"]
[EventDate "2014.05.29"]

1. d4 Nf6 2. c4 g6 3. Nc3 Bg7 4. e4 d6 5. f3 O-O 6. Be3 e5 7. Nge2 Nc6 8. d5
Na5 9. Nc1 c5 10. a3 b6 11. b4 Nb7 12. Qd2 Nh5 13. Nd3 f5 14. Rc1 Bd7 15. Be2
Rc8 16. bxc5 bxc5 17. Bd1 Na5 18. Nb5 Nxc4 19. Rxc4 Bxb5 20. Rc1 fxe4 21. fxe4
Qh4+ 0-1

[Event "8. Wunsiedel Schach-Festival Meisterturn"]
[Site "Wunsiedel"]
[Date "2014.06.01"]
[Round "7.16"]
[White "Henrich, Thomas"]
[Black "Löw, Gerald"]
[Result "1-0"]
[WhiteElo "2242"]
[BlackElo "2200"]
[PlyCount "91"]
[EventDate "2014.05.29"]

1. d4 Nf6 2. c4 e6 3. Nc3 Bb4 4. e3 b6 5. Nge2 Ba6 6. a3 Bxc3+ 7. Nxc3 d5 8.
Qf3 c6 9. cxd5 exd5 10. Bxa6 Nxa6 11. O-O O-O 12. b4 Nc7 13. a4 Qd7 14. Rb1 a6
15. Bd2 Rfe8 16. Rfc1 Re6 17. Qd1 Nfe8 18. Ne2 Nd6 19. Nf4 Ree8 20. Nd3 Nc4 21.
Bc3 Qf5 22. Ne5 Re6 23. Nxc4 dxc4 24. Qe2 b5 25. f3 Qh5 26. e4 f5 27. axb5 axb5
28. Ra1 Rxa1 29. Rxa1 fxe4 30. g4 Qh3 31. d5 exf3 32. Ra8+ Nxa8 33. Qxe6+ Kf8
34. Qc8+ Ke7 35. Qb7+ Kd6 36. Qxc6+ Ke7 37. d6+ Ke6 38. d7+ Ke7 39. d8=Q+ Kxd8
40. Qxa8+ Kd7 41. Qb7+ Kd8 42. Qd5+ Ke7 43. Qe5+ Kd8 44. Qd6+ Ke8 45. Qg3 Qh6
46. Qxf3 1-0

[Event "8. Wunsiedel Schach-Festival Meisterturn"]
[Site "Wunsiedel"]
[Date "2014.06.01"]
[Round "7.17"]
[White "Lorenz, Mark"]
[Black "Glinzer, Christoph"]
[Result "1/2-1/2"]
[WhiteElo "2242"]
[BlackElo "2082"]
[PlyCount "41"]
[EventDate "2014.05.29"]

1. Nf3 Nc6 2. c4 e5 3. Nc3 f5 4. d4 e4 5. d5 exf3 6. dxc6 fxg2 7. cxd7+ Qxd7 8.
Qxd7+ Bxd7 9. Bxg2 O-O-O 10. Be3 a6 11. O-O-O Ne7 12. Rhg1 Nc6 13. Bf4 g6 14.
Nd5 Bd6 15. Nb6+ cxb6 16. Rxd6 Be8 17. Rxd8+ Nxd8 18. Be5 Rf8 19. Bd5 Bf7 20.
Kd2 Nc6 21. Bxc6 1/2-1/2

[Event "8. Wunsiedel Schach-Festival Meisterturn"]
[Site "Wunsiedel"]
[Date "2014.06.01"]
[Round "7.18"]
[White "Brem, Stephan"]
[Black "Rusche, Johannes"]
[Result "1/2-1/2"]
[WhiteElo "2090"]
[BlackElo "2241"]
[PlyCount "46"]
[EventDate "2014.05.29"]

1. b3 e5 2. Bb2 Nc6 3. e3 d6 4. Bb5 Qg5 5. Qf3 Bd7 6. Nc3 Nf6 7. h4 Qh6 8. Nge2
a6 9. Bxc6 Bxc6 10. e4 O-O-O 11. Nd5 Qg6 12. Nxf6 gxf6 13. Ng3 d5 14. d3 dxe4
15. dxe4 Rg8 16. Ke2 Bc5 17. Rad1 Rxd1 18. Rxd1 Qg4 19. h5 f5 20. Qxg4 Rxg4 21.
exf5 e4 22. Be5 b5 23. c3 a5 1/2-1/2

[Event "8. Wunsiedel Schach-Festival Meisterturn"]
[Site "Wunsiedel"]
[Date "2014.06.01"]
[Round "7.19"]
[White "Tasdelen, Deniz Murat"]
[Black "Promyshlyanskyy, Vitaliy"]
[Result "1-0"]
[WhiteElo "2077"]
[BlackElo "2235"]
[PlyCount "99"]
[EventDate "2014.05.29"]

1. e4 e5 2. Nf3 Nc6 3. Bb5 a6 4. Bxc6 dxc6 5. Nc3 Bd6 6. d4 exd4 7. Qxd4 f6 8.
Be3 Ne7 9. O-O-O Be6 10. h4 h5 11. e5 fxe5 12. Nxe5 Nf5 13. Qe4 Qf6 14. Nxc6
bxc6 15. Qxc6+ Kf7 16. Bg5 Ne7 17. Qa4 Qg6 18. Rhe1 Rhe8 19. Ne4 Nf5 20. f3 Be7
21. g4 hxg4 22. fxg4 Nd6 23. Bxe7 Nxe4 24. h5 Qh6+ 25. g5 Nxg5 26. Bc5 Kg8 27.
Be3 Qf6 28. Rg1 Nf3 29. Rg6 Qe5 30. Bh6 Qxh5 31. Qe4 Bf5 32. Rxg7+ Kh8 33. Qc6
Be6 34. Qc3 Ne5 35. Rg5 Qxh6 36. Qxe5+ Kh7 37. Qxc7+ Kh8 38. Qe5+ Kh7 39. Qe4+
Kh8 40. Qd4+ Kh7 41. Qd3+ Kh8 42. Qc3+ Kh7 43. Qc7+ Kh8 44. Qe5+ Kh7 45. Qe4+
Kh8 46. Rh1 Bh3 47. Rxh3 Qxh3 48. Qd4+ Re5 49. Qxe5+ Kh7 50. Qg7# 1-0

[Event "8. Wunsiedel Schach-Festival Meisterturn"]
[Site "Wunsiedel"]
[Date "2014.06.01"]
[Round "7.20"]
[White "Schaarschmidt, Kay"]
[Black "Werner, Claus"]
[Result "1-0"]
[WhiteElo "2049"]
[BlackElo "2206"]
[PlyCount "85"]
[EventDate "2014.05.29"]

1. e4 c5 2. Nf3 e6 3. d4 cxd4 4. Nxd4 a6 5. Nc3 b5 6. Bd3 Qb6 7. Nb3 Bb7 8. Qe2
d6 9. f4 Nd7 10. Be3 Qc7 11. O-O-O Ngf6 12. Bf2 Be7 13. Kb1 b4 14. e5 bxc3 15.
exf6 Nxf6 16. Bd4 cxb2 17. Rhg1 O-O 18. g4 Nd5 19. Qf1 g6 20. h4 e5 21. fxe5
dxe5 22. Bxb2 Rac8 23. Rd2 Nc3+ 24. Ka1 e4 25. Be2 Bxh4 26. g5 f5 27. Rd4 Nxe2
28. Qxe2 Rf7 29. c4 Bg3 30. c5 Be5 31. Qc4 Re8 32. Rgd1 e3 33. Rd7 Bxb2+ 34.
Kxb2 Qe5+ 35. Nd4 Ree7 36. Rxe7 Qxe7 37. Ne6 h5 38. Rd8+ Kh7 39. Qd4 Qxd8 40.
Nxd8 Re7 41. Ne6 e2 42. Qe3 Be4 43. Nf4 1-0

[Event "8. Wunsiedel Schach-Festival Meisterturn"]
[Site "Wunsiedel"]
[Date "2014.06.01"]
[Round "7.21"]
[White "Graf, Roland"]
[Black "Wiese, Frank"]
[Result "0-1"]
[WhiteElo "2193"]
[BlackElo "1920"]
[PlyCount "108"]
[EventDate "2014.05.29"]

1. e4 c6 2. d4 d5 3. e5 Bf5 4. Nd2 e6 5. Ngf3 Ne7 6. Nb3 Nd7 7. Be2 h6 8. O-O
Bh7 9. h3 Nf5 10. c3 Be7 11. Bd3 Nf8 12. a4 g5 13. Ne1 Bg6 14. g3 Qc7 15. Ng2
a6 16. Re1 O-O-O 17. Bf1 Nd7 18. g4 Ng7 19. Be3 h5 20. f3 hxg4 21. hxg4 Rh7 22.
Qd2 f6 23. f4 gxf4 24. Bxf4 fxe5 25. Bg3 Rdh8 26. dxe5 Be4 27. Qd4 Bc2 28. Ne3
Bxb3 29. Bd3 Rh3 30. Kg2 Rxg3+ 31. Kxg3 Bh4+ 32. Kg2 Bxe1 33. Rxe1 Qxe5 34.
Qxe5 Nxe5 35. Bb1 Kd7 36. a5 Nc4 37. Nxc4 Bxc4 38. Bc2 Bb5 39. Kg3 c5 40. b3
Bc6 41. Re5 Ne8 42. Rh5 Rg8 43. Rh6 Ke7 44. Kf4 Nf6 45. g5 Ne4 46. g6 Kf6 47.
g7+ Kf7 48. Ke5 Rxg7 49. Bxe4 dxe4 50. Kf4 Ke7 51. b4 Rf7+ 52. Ke3 Rf3+ 53. Kd2
Rd3+ 54. Kc2 c4 0-1

[Event "8. Wunsiedel Schach-Festival Meisterturn"]
[Site "Wunsiedel"]
[Date "2014.06.01"]
[Round "7.22"]
[White "Richter, Claudius"]
[Black "Wisnet, Dominic"]
[Result "0-1"]
[WhiteElo "2011"]
[BlackElo "2189"]
[PlyCount "112"]
[EventDate "2014.05.29"]

1. e4 c5 2. Nf3 d6 3. b3 Nf6 4. Nc3 d5 5. exd5 Nxd5 6. Nxd5 Qxd5 7. Bc4 Qd6 8.
Bb2 Nc6 9. O-O e6 10. Qe2 Bd7 11. Rfd1 Be7 12. d4 Bf6 13. d5 Nd4 14. Nxd4 cxd4
15. dxe6 fxe6 16. Qe4 Rd8 17. a4 Kf7 18. Qxb7 h5 19. Re1 Rhe8 20. Rad1 Re7 21.
Qf3 Kg8 22. Qxh5 Rf8 23. Bd3 g6 24. Bxg6 Rg7 25. c3 Qb6 26. Bc1 d3 27. Rxd3 e5
28. Be3 Qb7 29. Bh6 Bc6 30. Rg3 Rd8 31. Bxg7 Bxg7 32. Rg5 Rd6 33. Qh7+ Kf8 34.
Rf5+ Bf6 35. Qh8+ Ke7 36. Qg7+ Bxg7 37. Rf7+ Ke6 38. Rxb7 Bxb7 39. f4 Rd2 40.
Be4 Bxe4 41. Rxe4 Kf5 42. Rc4 e4 43. g3 e3 44. Kf1 Rxh2 45. Rc7 Bh8 46. Re7
Rf2+ 47. Kg1 Rf3 48. Kg2 Kg4 49. Rxa7 Rxg3+ 50. Kh2 Kf3 51. Re7 Rg2+ 52. Kh3 e2
53. a5 Bxc3 54. a6 e1=Q 55. Rxe1 Bxe1 56. f5 Bg3 0-1

[Event "8. Wunsiedel Schach-Festival Meisterturn"]
[Site "Wunsiedel"]
[Date "2014.06.01"]
[Round "7.23"]
[White "Drache, Georg"]
[Black "Westphal, Wolfgang"]
[Result "1/2-1/2"]
[WhiteElo "1945"]
[BlackElo "2171"]
[PlyCount "75"]
[EventDate "2014.05.29"]

1. d4 Nf6 2. c4 e6 3. Nc3 Bb4 4. e3 b6 5. Nf3 Bb7 6. Bd3 Ne4 7. Bd2 Bxc3 8.
Bxc3 Nxc3 9. bxc3 d6 10. O-O Qe7 11. Nd2 Nd7 12. f4 e5 13. fxe5 dxe5 14. Be4
Bxe4 15. Nxe4 O-O 16. Qg4 Kh8 17. Rf3 exd4 18. exd4 f5 19. Rxf5 Rxf5 20. Qxf5
Rf8 21. Qg4 Re8 22. Rf1 h6 23. h3 c5 24. Kh1 Qxe4 25. Qxd7 Re7 26. Qd6 Kh7 27.
Kh2 Re6 28. Qd5 Qe2 29. Qf5+ Kg8 30. Qf7+ Kh7 31. Rf2 Qe1 32. h4 Re4 33. Qf5+
Kg8 34. h5 Re3 35. Qd5+ Kh7 36. Qf5+ Kg8 37. Qf8+ Kh7 38. Qf5+ 1/2-1/2

[Event "8. Wunsiedel Schach-Festival Meisterturn"]
[Site "Wunsiedel"]
[Date "2014.06.01"]
[Round "7.24"]
[White "Wolf, Christoph"]
[Black "Rand, Steven J"]
[Result "1-0"]
[WhiteElo "2128"]
[BlackElo "2059"]
[PlyCount "37"]
[EventDate "2014.05.29"]

1. Nf3 Nf6 2. d4 g6 3. Nc3 d5 4. Bf4 c6 5. Qd2 Bg7 6. Bh6 O-O 7. h4 Bxh6 8.
Qxh6 Ng4 9. Qd2 h5 10. e4 dxe4 11. Nxe4 Bf5 12. Ng3 Qd5 13. Nxf5 Qxf5 14. Ng5
Nf6 15. O-O-O Nbd7 16. f3 b5 17. Kb1 Nd5 18. g3 Rab8 19. Bh3 1-0

[Event "8. Wunsiedel Schach-Festival Meisterturn"]
[Site "Wunsiedel"]
[Date "2014.06.01"]
[Round "7.25"]
[White "Schmid, Roland (NT)"]
[Black "Völker, Sebastian"]
[Result "1-0"]
[WhiteElo "2243"]
[BlackElo "2084"]
[PlyCount "81"]
[EventDate "2014.05.29"]

1. c4 c6 2. Nf3 Nf6 3. Nc3 d5 4. e3 a6 5. Qc2 g6 6. d4 Bg7 7. Be2 O-O 8. O-O
Bg4 9. Qb3 Ra7 10. Rd1 e6 11. h3 Bxf3 12. Bxf3 b5 13. cxd5 cxd5 14. a4 bxa4 15.
Nxa4 Nbd7 16. Bd2 Qb8 17. Qxb8 Rxb8 18. Rdc1 Bf8 19. Rc6 a5 20. Be2 Ne4 21. Be1
Nd6 22. Bd3 Rb3 23. Bc2 Rbb7 24. b3 Rc7 25. Rxc7 Rxc7 26. Bd3 Nb7 27. Nc3 Bb4
28. Nb5 Rc8 29. Bxb4 axb4 30. Ra7 Rb8 31. Nc7 Nd6 32. Nxd5 exd5 33. Rxd7 Ne4
34. Bxe4 dxe4 35. Re7 f5 36. Kh2 h6 37. Kg3 Rb5 38. h4 Kh8 39. Kf4 Kg8 40. Re5
Rb7 41. h5 1-0